| 000 | 01081nam a22002897a 4500 | ||
|---|---|---|---|
| 001 | 3274 | ||
| 003 | FISKH | ||
| 005 | 20251126115934.0 | ||
| 008 | 240222b cb ||||| |||| 00| 0 eng d | ||
| 020 | _a9780545600200 | ||
| 040 |
_aFISKH _beng _cFISKH _dFISKH |
||
| 050 | _aPZ7.Z715 | ||
| 082 | _a635 | ||
| 100 | _aZoehfeld, Kathleen Weidner | ||
| 245 |
_aSecrets of the garden : _bFood chanins and the food web in our backyard / _cby Zoehefeld , Kathleen Weidner ; illustrated by Lamont, Priscilla |
||
| 250 | _aFirst Scholastic printing, April 2013 | ||
| 260 |
_aNew York : _bScholastic, _c2012 |
||
| 300 |
_a39 unnumbered pages : _bcolor illustrations ; _c21 cm. |
||
| 505 | _aO | ||
| 520 | _aDepicts a family of four who make their garden their summer home as they prepare the soil, plant seeds, water the garden, and watch for a harvest of vegetables. | ||
| 521 | 8 |
_a610
_bLexile |
|
| 521 | 8 |
_aO
_bRaz-Plus |
|
| 600 |
_2food chain _vnon-fiction |
||
| 650 |
_afood web _vnon-fiction |
||
| 700 |
_aLamont, Priscilla _dillustrator |
||
| 942 |
_2ddc _cBK _n0 |
||
| 999 |
_c3274 _d3274 |
||